| 000 | 00570nam a2200217Ia 4500 | ||
|---|---|---|---|
| 003 | 0100 | ||
| 008 | 130303s9999 xx 000 0 und d | ||
| 020 | _a0898704596 | ||
| 040 | _cARRUPELIB | ||
| 050 | _aBX2250.G3613 1993 | ||
| 100 | _aGarcia De Haro De Goytisolo, Ramon | ||
| 245 | _aMarriage and the family in the documents of the magisterium | ||
| 245 | _ba course in the theology of marriage | ||
| 250 | _a2nd. ed. | ||
| 260 | _aSan Francisco | ||
| 260 | _bIgnatius Press | ||
| 260 | _C1993 | ||
| 300 | _a435p. | ||
| 300 | _b 23cm. | ||
| 942 |
_2lcc _01 |
||
| 999 |
_c61054 _d61054 |
||